Race, Sex & Class

محفوظ في:

التنسيق: دورية

اللغة: Undetermined

منشور في: JSTOR
Jean Ait Belkhir, Race, Gender & Class Journal

الموضوعات:

الوصول للمادة أونلاين: Login to view Source

الوسوم: إضافة وسم

لا توجد وسوم, كن أول من يضع وسما على هذه التسجيلة!

رقم الطلب:

LEADER 00523nas a2200169Ia 4500
008 220214c99999999xx |||||||||||| ||und||
022 |a 1075-8925 
245 0 0 |a Race, Sex & Class 
264 1 |b JSTOR 
264 1 |b Jean Ait Belkhir, Race, Gender & Class Journal 
362 0 |a Vol. 1(1993)-2 (1994) 
653 1 0 |a Social Sciences 
653 1 0 |a Sociology 
856 4 0 |u https://www.jstor.org/journal/racesexclass 
942 |c JL 
952 |0 0  |1 0  |4 0  |7 1  |9 36877  |a JSR  |b JSR  |d 2022-02-14  |l 0  |r 2022-02-14 00:00:00  |w 2022-02-14  |y JL 
999 |c 45209  |d 45209